[Event "Arandjelovac ASK-1 FM"]
[Site "Arandjelovac"]
[Date "2021.11.08"]
[Round "1"]
[White "Vetokhina, Sofia"]
[Black "Lekic, Miodrag"]
[Result "1/2-1/2"]
[WhiteElo "1887"]
[BlackElo "2104"]
[PlyCount "93"]
[EventDate "2021.11.08"]
[EventType "tourn"]
[EventRounds "5"]
[EventCountry "SRB"]
[SourceTitle "CBM 205 Extra"]
[Source "ChessBase"]
[SourceDate "2022.01.31"]
[SourceVersion "1"]
[SourceVersionDate "2022.01.31"]
[SourceQuality "1"]

1. d4 Nf6 2. c4 g6 3. Nc3 Bg7 4. e4 d6 5. Be2 0-0 6. Bg5 h6 7. Be3 c5 8. d5 e6 9. Qd2 exd5 10. exd5 h5 11. h3 Bf5 12. Nf3 Re8 13. Bd3 Bxd3 14. Qxd3 Nbd7 15. 0-0 a6 16. a4 Qe7 17. Rfe1 Qf8 18. Bf4 Rxe1+ 19. Rxe1 Re8 20. Rxe8 Nxe8 21. b3 Qe7 22. Qe4 Kf8 23. Qxe7+ Kxe7 24. Ne4 Ndf6 25. Bg5 Kd7 26. Bxf6 Bxf6 27. Kf1 Bd8 28. g4 hxg4 29. hxg4 Nf6 30. Nxf6+ Bxf6 31. Ke2 Bb2 32. Ke3 Ke7 33. Ke4 Bc1 34. Ne1 Bd2 35. Nd3 a5 36. f4 f6 37. Nf2 Kf7 38. Kf3 Ke7 39. Ne4 Bc1 40. Nc3 Bd2 41. Nb5 Bc1 42. Ke4 Kd7 43. Nc3 Bb2 44. Ne2 Ke7 45. Ng1 Kf7 46. Nf3 Bc3 47. Kd3 1/2-1/2

[Event "Veliko Gradiste Silver Lake op-A"]
[Site "Veliko Gradiste"]
[Date "2021.06.28"]
[Round "7"]
[White "Unat, Can Haktan"]
[Black "Vetokhina, Sofia"]
[Result "1-0"]
[WhiteElo "2130"]
[BlackElo "1706"]
[PlyCount "93"]
[EventDate "2021.06.23"]
[EventType "swiss"]
[EventRounds "9"]
[EventCountry "SRB"]
[SourceTitle "EXT 2022"]
[Source "ChessBase"]
[SourceDate "2021.10.06"]
[SourceVersion "1"]
[SourceVersionDate "2021.10.06"]
[SourceQuality "1"]

1. d4 Nf6 2. Bf4 d5 3. Nc3 c5 4. e4 Nxe4 5. Nxe4 dxe4 6. d5 Nd7 7. Ne2 g6 8. Ng3 Bg7 9. c3 Nf6 10. Nxe4 0-0 11. Nxf6+ Bxf6 12. Bc4 a6 13. a4 Bd7 14. a5 b5 15. axb6 Qxb6 16. Qb3 Qxb3 17. Bxb3 Bb5 18. 0-0-0 c4 19. Bc2 g5 20. Be3 Rfd8 21. h4 g4 22. Bf5 Bd7 23. Be4 Ba4 24. Rd2 Rab8 25. Bd4 Bg7 26. Bxg7 Kxg7 27. Rd4 Bb5 28. h5 e5 29. dxe6 Rxd4 30. cxd4 fxe6 31. Rh4 Kh6 32. Rxg4 Rd8 33. Bf3 Rf8 34. Re4 Rf6 35. Re5 Bd7 36. Kd2 Rf4 37. Kc3 Rf8 38. Kxc4 Rc8+ 39. Rc5 Bb5+ 40. Kb4 Rd8 41. Kc3 Rd6 42. Be4 Be8 43. g4 Rb6 44. f4 Rd6 45. Rc7 Bd7 46. Kc4 a5 47. Kc5 1-0

[Event "Veliko Gradiste Silver Lake op-A"]
[Site "Veliko Gradiste"]
[Date "2021.06.24"]
[Round "2"]
[White "Vetokhina, Sofia"]
[Black "Bojanic, Denis"]
[Result "1/2-1/2"]
[WhiteElo "1706"]
[BlackElo "2047"]
[PlyCount "52"]
[EventDate "2021.06.23"]
[EventType "swiss"]
[EventRounds "9"]
[EventCountry "SRB"]
[SourceTitle "CBM 203 Extra"]
[Source "ChessBase"]
[SourceDate "2021.09.30"]
[SourceVersion "1"]
[SourceVersionDate "2021.09.30"]
[SourceQuality "1"]

1. d4 e6 2. c4 f5 3. Nf3 Nf6 4. g3 Be7 5. Bg2 0-0 6. 0-0 d6 7. Nc3 Ne4 8. Qb3 Nxc3 9. Qxc3 a5 10. h4 h6 11. Re1 Nc6 12. d5 Bf6 13. Qd2 Ne5 14. Nxe5 dxe5 15. e4 f4 16. Qe2 Qe8 17. h5 fxg3 18. fxg3 Qe7 19. Bf1 b6 20. Be3 Ba6 21. b3 Bg5 22. Qd2 Rxf1+ 23. Rxf1 Qc5 24. Bxc5 Bxd2 25. Rad1 Bc3 26. Be3 Rd8 1/2-1/2

[Event "Veliko Gradiste Silver Lake op-A"]
[Site "Veliko Gradiste"]
[Date "2021.06.23"]
[Round "1"]
[White "Efremov, Vladislav"]
[Black "Vetokhina, Sofia"]
[Result "1-0"]
[WhiteElo "2173"]
[BlackElo "1706"]
[PlyCount "77"]
[EventDate "2021.06.23"]
[EventType "swiss"]
[EventRounds "9"]
[EventCountry "SRB"]
[SourceTitle "CBM 203 Extra"]
[Source "ChessBase"]
[SourceDate "2021.09.30"]
[SourceVersion "1"]
[SourceVersionDate "2021.09.30"]
[SourceQuality "1"]

1. d4 Nf6 2. c4 g6 3. Nc3 Bg7 4. e4 d6 5. h3 0-0 6. Bg5 Nbd7 7. Nf3 h6 8. Be3 e5 9. d5 Ne8 10. Qd2 Kh7 11. g4 Nc5 12. b4 Na6 13. Rb1 f5 14. gxf5 gxf5 15. exf5 Bxf5 16. Bd3 Bxd3 17. Qxd3+ Kh8 18. Ke2 Qe7 19. h4 Qf7 20. Ng5 Qf5 21. Ne6 Qf3+ 22. Kd2 e4 23. Nxe4 Nxb4 24. Rxb4 Qxh1 25. Nxf8 Bxf8 26. Bd4+ Bg7 27. Bxg7+ Kxg7 28. Qd4+ Kg6 29. Ng3 Qf3 30. h5+ Kf7 31. Rxb7 a5 32. Rb3 Qf6 33. Qe4 Qxf2+ 34. Ne2 Nf6 35. Rf3 Qxf3 36. Qxf3 a4 37. Qf5 Rd8 38. Qe6+ Kg7 39. Qe7+ 1-0

[Event "Paracin Orbis IM Mix"]
[Site "Paracin"]
[Date "2021.02.17"]
[Round "8"]
[White "Pasti, Aron"]
[Black "Vetokhina, Sofia"]
[Result "1-0"]
[WhiteElo "2193"]
[BlackElo "1839"]
[PlyCount "42"]
[EventDate "2021.02.12"]
[EventType "swiss"]
[EventRounds "9"]
[EventCountry "SRB"]
[SourceTitle "EXT 2022"]
[Source "ChessBase"]
[SourceDate "2021.10.06"]
[SourceVersion "1"]
[SourceVersionDate "2021.10.06"]
[SourceQuality "1"]

1. e4 c5 2. Nf3 Nc6 3. d4 cxd4 4. Nxd4 Nf6 5. Nc3 e6 6. Be3 Bb4 7. Bd3 d5 8. Nxc6 bxc6 9. exd5 exd5 10. Bd2 Qe7+ 11. Qe2 Qxe2+ 12. Bxe2 Bf5 13. 0-0-0 0-0 14. f3 Rfe8 15. Ba6 Rab8 16. g4 Bg6 17. Rhe1 Kf8 18. g5 Nd7 19. Bf4 Rb6 20. Bf1 f6 21. Rxe8+ Kxe8 1-0

[Event "Paracin Orbis IM Mix"]
[Site "Paracin"]
[Date "2021.02.15"]
[Round "5"]
[White "Dev, Shah"]
[Black "Vetokhina, Sofia"]
[Result "1-0"]
[WhiteElo "2254"]
[BlackElo "1839"]
[PlyCount "83"]
[EventDate "2021.02.12"]
[EventType "swiss"]
[EventRounds "9"]
[EventCountry "SRB"]
[SourceTitle "EXT 2022"]
[Source "ChessBase"]
[SourceDate "2021.10.06"]
[SourceVersion "1"]
[SourceVersionDate "2021.10.06"]
[SourceQuality "1"]

1. d4 Nf6 2. c4 g6 3. Nc3 Bg7 4. e4 d6 5. f3 0-0 6. Be3 b6 7. Bd3 a6 8. Nge2 c5 9. d5 e6 10. a4 exd5 11. cxd5 Qc7 12. 0-0 Nbd7 13. Ng3 c4 14. Be2 h5 15. h3 Re8 16. Rc1 Rb8 17. b4 b5 18. Qd2 h4 19. Nh1 Nh5 20. axb5 axb5 21. Ra1 Rb7 22. Ra5 Bxc3 23. Qxc3 Ndf6 24. Re1 Qe7 25. Qd2 Bd7 26. Nf2 Nh7 27. f4 Ng3 28. Bf3 Nf6 29. e5 Nfh5 30. e6 Bc8 31. Bd4 Nf5 32. Bxh5 gxh5 33. Ne4 Nxd4 34. Qxd4 fxe6 35. Nf6+ Kf7 36. Nxe8 Kxe8 37. dxe6 Qf8 38. Ra8 Ke7 39. f5 Rc7 40. Qb6 Qd8 41. f6+ Kxf6 42. e7 1-0

[Event "Paracin Orbis IM Mix"]
[Site "Paracin"]
[Date "2021.02.13"]
[Round "2"]
[White "Vetokhin, Savva"]
[Black "Vetokhina, Sofia"]
[Result "1-0"]
[WhiteElo "2309"]
[BlackElo "1839"]
[PlyCount "109"]
[EventDate "2021.02.12"]
[EventType "swiss"]
[EventRounds "9"]
[EventCountry "SRB"]
[SourceTitle "CBM 200 Extra"]
[Source "ChessBase"]
[SourceDate "2021.03.31"]
[SourceVersion "1"]
[SourceVersionDate "2021.03.31"]
[SourceQuality "1"]

1. Nf3 Nf6 2. d4 g6 3. Nbd2 Bg7 4. e4 d6 5. Bd3 Nbd7 6. 0-0 0-0 7. c3 Re8 8. Re1 e5 9. dxe5 Nxe5 10. Nxe5 dxe5 11. Nf1 c6 12. Qc2 Be6 13. b4 a5 14. a3 Qc7 15. Bb2 c5 16. Bb5 Bd7 17. Bxd7 Nxd7 18. b5 c4 19. a4 Nc5 20. Ne3 Nd3 21. Red1 Rad8 22. Ba3 Bf8 23. Bxf8 Kxf8 24. Qa2 Rc8 25. Nd5 Qc5 26. b6 f5 27. Rab1 Qd6 28. Nc7 Rxc7 29. bxc7 Qxc7 30. Rb5 b6 31. Rdb1 Re6 32. Qe2 f4 33. Qg4 Rf6 34. Rd5 Nc5 35. Rbd1 Nd3 36. Qh3 h5 37. Rd7 Qc5 38. Qh4 Rf7 39. Rd5 Qa3 40. Qd8+ Kg7 41. Qxb6 Qxa4 42. Rb1 Kh7 43. Rxa5 Qc2 44. Ra6 Rg7 45. Rf1 Qxc3 46. Ra8 Qb4 47. Qd8 Kh6 48. Qd5 c3 49. Rh8+ Rh7 50. Rxh7+ Kxh7 51. Qd7+ Kh6 52. Qxd3 Qd4 53. Qxd4 exd4 54. Rc1 Kg5 55. f3 1-0

[Event "Bad Woerishofen op 36th"]
[Site "Bad Woerishofen"]
[Date "2020.03.13"]
[Round "8"]
[White "Vetokhina, Sofia"]
[Black "Kluegel, Jan"]
[Result "0-1"]
[WhiteElo "1862"]
[BlackElo "1846"]
[PlyCount "77"]
[EventDate "2020.03.06"]
[EventType "swiss"]
[EventRounds "9"]
[EventCountry "GER"]
[SourceTitle "CBM 195 Extra"]
[Source "ChessBase"]
[SourceDate "2020.05.31"]
[SourceVersion "1"]
[SourceVersionDate "2020.05.31"]
[SourceQuality "1"]

1. d4 d5 2. c4 c6 3. Nf3 Nf6 4. g3 Bf5 5. Nc3 e6 6. Nh4 Be4 7. f3 Bg6 8. Nxg6 hxg6 9. Qb3 Qb6 10. c5 Qc7 11. Bf4 Qd7 12. Bg2 Nh5 13. 0-0-0 Nxf4 14. gxf4 Qc7 15. Kb1 Nd7 16. e4 Be7 17. Rde1 b6 18. f5 bxc5 19. fxe6 fxe6 20. exd5 exd5 21. Re2 Rb8 22. Qc2 Kf7 23. Rhe1 Bf6 24. f4 Qxf4 25. Nxd5 Qxd4 26. Nxf6 Nxf6 27. Re7+ Kf8 28. Bxc6 c4 29. Ka1 a5 30. a3 Rh3 31. Ka2 Rhb3 32. R1e2 Rxb2+ 33. Qxb2 Rxb2+ 34. Rxb2 Kg8 35. Rc2 c3 36. Be8 Qc4+ 37. Ka1 Qb3 38. Bxg6 Qxa3+ 39. Ra2 0-1

[Event "Chigorin Memorial 27th"]
[Site "St Petersburg"]
[Date "2019.10.11"]
[Round "7"]
[White "Shilo, Kirill"]
[Black "Vetokhina, Sofia"]
[Result "0-1"]
[WhiteElo "1824"]
[BlackElo "1589"]
[PlyCount "116"]
[EventDate "2019.10.05"]
[EventType "swiss"]
[EventRounds "9"]
[EventCountry "RUS"]
[SourceTitle "EXT 2021"]
[Source "ChessBase"]
[SourceDate "2020.10.23"]
[SourceVersion "1"]
[SourceVersionDate "2020.10.23"]
[SourceQuality "1"]

1. e4 c5 2. Nf3 Nc6 3. d4 cxd4 4. Nxd4 Nf6 5. Nc3 e6 6. Ndb5 Bb4 7. Nd6+ Ke7 8. Nxc8+ Rxc8 9. Bd3 d5 10. exd5 Qxd5 11. 0-0 Bxc3 12. bxc3 Rhd8 13. Ba3+ Ke8 14. Qb1 Qa5 15. Bb4 Qc7 16. f4 Qb6+ 17. Kh1 Nd5 18. Qe1 Ncxb4 19. cxb4 Kf8 20. Qh4 h6 21. f5 Qxb4 22. Qg3 exf5 23. Rxf5 Ne7 24. Rb5 Qd4 25. Rf1 Qd7 26. Qf3 f6 27. Rxb7 Rc7 28. Rxc7 Qxc7 29. Qe4 Qc6 30. Qe3 Qc7 31. Re1 Nd5 32. Qe4 Qe7 33. Qh4 Qb4 34. Qe4 Qxe4 35. Rxe4 Re8 36. Kg1 Rxe4 37. Bxe4 Nc3 38. Bc6 Nxa2 39. Kf2 Nb4 40. Ba4 Nd5 41. Bb3 Nb6 42. Ke3 Ke7 43. Kf4 g6 44. h4 h5 45. g4 hxg4 46. Kxg4 a5 47. Kf4 Nd7 48. c3 Kd6 49. Bd1 Ne5 50. h5 gxh5 51. Bxh5 a4 52. Bd1 a3 53. Bb3 Nd3+ 54. Kf5 Nc1 55. Bg8 Ke7 56. Kg6 a2 57. Bxa2 Nxa2 58. c4 Nb4 0-1

[Event "St Petersburg Korchnoi Memorial op"]
[Site "St Petersburg"]
[Date "2019.08.16"]
[Round "3"]
[White "Vetokhina, Sofia"]
[Black "Nuritdinov, Nizomitdin"]
[Result "1-0"]
[WhiteElo "1521"]
[BlackElo "1801"]
[PlyCount "167"]
[EventDate "2019.08.14"]
[EventType "swiss"]
[EventRounds "9"]
[EventCountry "RUS"]
[SourceTitle "CBM 192"]
[Source "ChessBase"]
[SourceDate "2019.10.31"]
[SourceVersion "1"]
[SourceVersionDate "2019.10.31"]
[SourceQuality "1"]

1. d4 c6 2. c4 Nf6 3. g3 d5 4. Bg2 e6 5. Nf3 Bb4+ 6. Nbd2 dxc4 7. Qc2 b5 8. Ne5 Bb7 9. e3 Qc7 10. 0-0 Nbd7 11. Nxd7 Qxd7 12. b3 cxb3 13. Nxb3 0-0 14. a3 Be7 15. Bd2 Rac8 16. Bb4 Nd5 17. Bc5 Nb6 18. Rfc1 Ba8 19. Na5 Nd5 20. Qd2 Rc7 21. Rc2 Rfc8 22. Rac1 h6 23. Bb4 f5 24. Nb3 g5 25. f4 Kg7 26. Nc5 Bxc5 27. Rxc5 g4 28. Kf2 h5 29. Qc2 Nb6 30. Ba5 h4 31. Bf1 hxg3+ 32. hxg3 Rh8 33. Qb3 Rcc8 34. Bxb6 axb6 35. Re5 Kf6 36. a4 Rh2+ 37. Ke1 Rch8 38. axb5 c5 39. Rd1 Rh1 40. d5 Bxd5 41. Rdxd5 exd5 42. Rxd5 Qe6 43. Qd3 Ra8 44. Rd6 Ra1+ 45. Ke2 Ra2+ 46. Ke1 Ra1+ 47. Kd2 Rh2+ 48. Be2 Ra2+ 49. Kc1 Rh1+ 50. Bd1 Ra1+ 51. Kb2 Ra2+ 52. Kc1 Ra1+ 53. Kb2 Raxd1 54. Rxe6+ Kxe6 55. Qc4+ Kd6 56. Qf7 Rh2+ 57. Kc3 Rc1+ 58. Kb3 Rb1+ 59. Kc3 Rc1+ 60. Kb3 Rb1+ 61. Kc3 Rxb5 62. Qf6+ Kd7 63. Qxf5+ Ke7 64. Qg5+ Kd7 65. Qxg4+ Kc7 66. Qg7+ Kc6 67. f5 Rbb2 68. Kd3 Rhd2+ 69. Ke4 Rb4+ 70. Kf3 Rb1 71. g4 Rf1+ 72. Ke4 Rdf2 73. Qe5 Rg2 74. Qe8+ Kc7 75. Qe7+ Kc6 76. g5 Rg4+ 77. Ke5 Re1 78. Qd6+ Kb5 79. g6 Rxe3+ 80. Kf6 Rd4 81. Qc7 Rg4 82. Qd7+ Kc4 83. Qa4+ Kc3 84. Qxg4 1-0

[Event "EU-ch U14 Girls"]
[Site "Bratislava"]
[Date "2019.08.10"]
[Round "9"]
[White "Qasem, Huda"]
[Black "Vetokhina, Sofia"]
[Result "1-0"]
[WhiteElo "1778"]
[BlackElo "1521"]
[PlyCount "115"]
[EventDate "2019.08.02"]
[EventType "swiss"]
[EventRounds "9"]
[EventCountry "SVK"]
[SourceTitle "EXT 2020"]
[Source "ChessBase"]
[SourceDate "2019.10.17"]
[SourceVersion "1"]
[SourceVersionDate "2019.10.17"]
[SourceQuality "1"]

1. Nf3 Nf6 2. g3 g6 3. Bg2 Bg7 4. 0-0 0-0 5. d3 d6 6. e4 e5 7. Nc3 b6 8. Nh4 Bb7 9. Qe1 Nc6 10. f4 Nd4 11. Qd1 c5 12. f5 Ne8 13. Ne2 g5 14. Nxd4 cxd4 15. Nf3 f6 16. Ne1 d5 17. h4 h6 18. hxg5 hxg5 19. Qg4 dxe4 20. dxe4 Nd6 21. Nd3 Rc8 22. Rf2 a5 23. Bh1 Nf7 24. Rh2 Nh6 25. Qe2 Qe8 26. Rh3 Kf7 27. Bf3 Ke7 28. Nxe5 fxe5 29. Bxg5+ Bf6 30. Rxh6 Bxg5 31. Re6+ Kd8 32. Rxe8+ Rxe8 33. Rd1 Ke7 34. Bg4 Be3+ 35. Kf1 Kf6 36. Bf3 Rc5 37. c3 b5 38. g4 b4 39. c4 b3 40. axb3 Bc6 41. Qh2 Rg8 42. Kg2 Bb7 43. Rh1 a4 44. Qh7 Rg7 45. Qh8 Rc8 46. Qh4+ Bg5 47. Qe1 axb3 48. Qb4 Rd7 49. Qxb3 Rc5 50. Qb6+ Rc6 51. Qb4 Kg7 52. Rh5 Be7 53. Qb5 Bd6 54. g5 d3 55. f6+ Kg6 56. Qd5 Rc8 57. Qe6 Rf7 58. Qf5# 1-0

[Event "Chigorin Memorial 26th"]
[Site "St Petersburg"]
[Date "2018.11.02"]
[Round "7"]
[White "Vetokhina, Sofia"]
[Black "Chugunov, Vadim"]
[Result "1/2-1/2"]
[WhiteElo "1595"]
[BlackElo "1790"]
[PlyCount "159"]
[EventDate "2018.10.27"]
[EventType "swiss"]
[EventRounds "9"]
[EventCountry "RUS"]
[SourceTitle "CBM 187 Extra"]
[Source "ChessBase"]
[SourceDate "2018.11.04"]
[SourceVersion "1"]
[SourceVersionDate "2018.11.04"]
[SourceQuality "1"]

1. d4 Nf6 2. c4 g6 3. Nc3 d5 4. cxd5 Nxd5 5. Na4 Bg7 6. e4 Nb6 7. Be3 0-0 8. Nf3 Bg4 9. Be2 Nc6 10. d5 Bxf3 11. Bxf3 Ne5 12. Be2 Nxa4 13. Qxa4 c6 14. f4 Nd7 15. dxc6 bxc6 16. 0-0 Qc7 17. Rac1 c5 18. b4 Nb6 19. Qc2 c4 20. Bxc4 Qd6 21. Qb3 Bd4 22. a3 a5 23. e5 Bxe3+ 24. Qxe3 Nxc4 25. Rxc4 Qe6 26. Rfc1 axb4 27. axb4 Ra1 28. Qc5 Rxc1+ 29. Rxc1 Qb3 30. Qc3 Qd5 31. Qc5 Qd2 32. b5 Rb8 33. Rb1 Qxf4 34. Rf1 Qd2 35. Qc4 Qe3+ 36. Kh1 Qxe5 37. Qxf7+ Kh8 38. b6 Qb5 39. h3 Qxb6 40. Qxe7 Qb2 41. Rf7 Qc1+ 42. Kh2 Qh6 43. Qe5+ Kg8 44. Rxh7 Kxh7 45. Qxb8 Qg7 46. Qf4 Qe7 47. h4 Kg7 48. Kh3 Kh7 49. g4 Qa3+ 50. Qg3 Qe7 51. Qc3 Qd7 52. Qf3 Kg7 53. Kg3 Qd6+ 54. Qf4 Qd3+ 55. Qf3 Qd6+ 56. Kh3 Qd7 57. Qe2 Kh7 58. Kg2 Qd5+ 59. Kg1 Qd4+ 60. Kh1 Qd5+ 61. Qg2 Qd1+ 62. Kh2 Qd6+ 63. Kg1 Qd1+ 64. Kf2 Qd2+ 65. Kf3 Qd5+ 66. Kg3 Qe5+ 67. Kh3 Qe3+ 68. Qg3 Qe7 69. h5 gxh5 70. gxh5 Qe6+ 71. Kh4 Qf6+ 72. Kh3 Qf5+ 73. Qg4 Qxg4+ 74. Kxg4 Kh6 75. Kh4 Kh7 76. Kg5 Kg7 77. h6+ Kh7 78. Kh5 Kg8 79. Kg6 Kh8 80. h7 1/2-1/2